000 01194nam a2200265Ia 4500
001 269-SAI ma ch (21521)
003 IT-MiSPE
008 171229s9999||||xx |||||||||||||| ||und||
040 _aIT-MiSPE
_cIT-MiSPE
041 _aITALIANO
100 _aMario Saint-Pierre
240 _aLes fondements bibliques de la croissance: Au service de la nouvelle évangélisation
245 0 _aChiesa in crescita
_bI fondamenti della nuova evangelizzazione
250 _a1a ed. (v)
260 _aMilano
_bPaoline
_c2011
300 _a256 p.
_c21 cm
490 _aSentinelle del mattino
_v11
500 _aEvangelizzazione
501 _aEdizioni San Paolo srl - Piazza Soncino, 5 - 20092 CINISELLO BALSAMO (MI) (non commercial uses only) ® Copyright 2018
700 _aChiara Facci
_g(traduzione)
700 _aJean-Guy Pagé
942 _cBK
957 _71
999 _a10240
_bNO
_g Copie: 1
_c345752
_d345752